000 00999nam a2200217Ii 4500
003 JO-AjNU
008 230605s9999||||xx |||||||||||||| ||und||
020 _a978-9774-730429
040 _aJO-AjNU
_bara
_erda
_cJO-AjNU
041 _aara
050 1 4 _aHF5501 2013
100 3 _aاعداد عطا الله، عبير عثمان,
_eauthor
_951975
245 0 0 _aاثر فرق العمل متعددة الوظائف على تنمية القدرات الابتكارية: دراسة على العاملين بوحدات تكنولوجيا الاتصالات والمعلومات بجامعة الزقازيق
264 3 1 _aالقاهرة: المنظمة العربية للتنمية الادارية، 2013
300 _a58ص
336 _atext
_btxt
_2rdacontent
337 _aunmediated
_bn
_2rdamedia
338 _avolume
_bnc
_2rdacarrier
490 0 _aاصدار خاص عن المجلة العربية للادارة
650 4 _aادارة الافراد - تنمية القدرات
_951976
999 _aA22996
_c26564
_d26564